000 00407nam a2200145Ia 4500
008 230711s9999||||xx |||||||||||||| ||und||
041 _aENG
082 _a4
_bBO-P
100 _aBatten,George L
245 0 _aProgrammable controllers hardware software and applications
250 _a2nd . Ed.
260 _c1994
_aNew York
_bTata McGraw Hill Education Limited
650 _aComputer Engineering
942 _cBK
999 _c3573
_d3573